[Event "CAN-ch U14 Girls"]
[Site "Windsor"]
[Date "2015.07.09"]
[Round "7.46"]
[White "Mah, Sydney"]
[Black "Nguyen, Duy Thien An"]
[Result "0-1"]
[WhiteElo "1447"]
[BlackElo "1555"]
[PlyCount "84"]
[EventDate "2015.07.06"]
[EventType "swiss"]
[EventRounds "7"]
[EventCountry "CAN"]
[SourceTitle "EXT 2022"]
[Source "ChessBase"]
[SourceDate "2021.10.06"]
[SourceVersion "1"]
[SourceVersionDate "2021.10.06"]
[SourceQuality "1"]

1. e4 c6 2. d4 d5 3. Nc3 dxe4 4. Nxe4 Bf5 5. Ng3 Bg6 6. Nf3 Nd7 7. c3 Qc7 8. Be3 e6 9. Qb3 Bd6 10. Be2 Ngf6 11. a4 0-0 12. a5 Nd5 13. Bc4 Nxe3 14. fxe3 Bxg3+ 15. hxg3 Qxg3+ 16. Kd2 Qxg2+ 17. Be2 Qg3 18. Rag1 Qc7 19. Ng5 Nf6 20. Bc4 Ne4+ 21. Nxe4 Bxe4 22. Bxe6 Bxh1 23. Rxh1 fxe6 24. Qxe6+ Qf7 25. Qh3 Qf2+ 26. Kd3 Qf5+ 27. Qxf5 Rxf5 28. e4 Rf3+ 29. Ke2 Raf8 30. Rh2 R3f4 31. e5 c5 32. Kd3 cxd4 33. cxd4 Rd8 34. Ke3 Rdxd4 35. Rh5 g6 36. Rg5 Kf7 37. b3 Ke6 38. Ke2 Rde4+ 39. Kd3 Rxe5 40. Rxe5+ Kxe5 41. Ke2 h5 42. b4 h4 0-1

[Event "CAN-ch U14 Girls"]
[Site "Windsor"]
[Date "2015.07.08"]
[Round "4.49"]
[White "Mah, Sydney"]
[Black "John, Namitha Elsa"]
[Result "1-0"]
[WhiteElo "1447"]
[BlackElo "911"]
[PlyCount "117"]
[EventDate "2015.07.06"]
[EventType "swiss"]
[EventRounds "7"]
[EventCountry "CAN"]
[SourceTitle "EXT 2022"]
[Source "ChessBase"]
[SourceDate "2021.10.06"]
[SourceVersion "1"]
[SourceVersionDate "2021.10.06"]
[SourceQuality "1"]

1. e4 e5 2. f4 d6 3. Nf3 Nc6 4. Nc3 Nf6 5. Bc4 Be7 6. d3 0-0 7. f5 Na5 8. Be3 Nxe4 9. Nxe4 d5 10. Bxd5 Qxd5 11. Nc3 Qd6 12. d4 Nc4 13. Ne4 Qb4+ 14. Bd2 Nxd2 15. Qxd2 Qxb2 16. 0-0 Bxf5 17. Rfb1 Qa3 18. Rb3 Qa4 19. Nc3 Qc6 20. Nxe5 Qf6 21. Rf1 Bd6 22. Nd7 Qh4 23. Rxf5 Qxh2+ 24. Kf1 Rfe8 25. Rg5 Bg3 26. Nf6+ Kf8 27. Nxe8 Rxe8 28. Rxg3 Qxg3 29. Ne2 Qd6 30. Qb4 Qe7 31. Qxe7+ Rxe7 32. Rxb7 Ke8 33. Rxa7 Kd8 34. Nc3 Rd7 35. Nb5 f5 36. Nxc7 Rxc7 37. Rxc7 Kxc7 38. Ke2 g5 39. c3 h5 40. Kf3 h4 41. a4 g4+ 42. Kf4 h3 43. gxh3 gxh3 44. Kg3 Kb6 45. Kxh3 Ka5 46. d5 Kxa4 47. d6 f4 48. d7 f3 49. Kg3 Kb3 50. Kxf3 Kxc3 51. d8Q Kb4 52. Qc7 Kb5 53. Ke4 Kb4 54. Kd4 Kb3 55. Qc4+ Kb2 56. Kd3 Ka1 57. Qb5 Ka2 58. Kc3 Ka1 59. Qb2# 1-0

[Event "Alberta-ch U14"]
[Site "Edmonton"]
[Date "2015.02.21"]
[Round "1.2"]
[White "Wu, Chenxi"]
[Black "Mah, Sydney"]
[Result "1-0"]
[WhiteElo "1663"]
[BlackElo "1300"]
[PlyCount "27"]
[EventDate "2015.02.21"]
[EventType "swiss"]
[EventRounds "5"]
[EventCountry "CAN"]
[SourceTitle "EXT 2022"]
[Source "ChessBase"]
[SourceDate "2021.10.06"]
[SourceVersion "1"]
[SourceVersionDate "2021.10.06"]
[SourceQuality "1"]

1. e4 e6 2. d4 d5 3. e5 Ne7 4. Bd3 Nbc6 5. Nf3 Nf5 6. c3 Be7 7. Qc2 0-0 8. g4 Nh6 9. Bxh7+ Kh8 10. Bxh6 gxh6 11. h4 f5 12. gxf5 Kxh7 13. f6+ Kg8 14. Qg6+ 1-0